000 01347cam a2200313 4500
999 _c22338
_d22338
001 1696224
003 BDDh-ASL
005 20231015030123.0
008 840503m19649999ii ab b 000 0 eng
010 _asa 65003169
025 _aPL480:I-E-1559
040 _aDLC
_cDLC
_dDLC
_dBDDh-ASL
043 _aa-ii---
050 0 0 _aDS436.A1
_bH52
082 0 0 _a954
_219
_bHIS
245 0 4 _aThe History and culture of the Indian people, Vol.-5 :
_bThe Struggle for Empire /
_cGeneral editor: R. C. Majumdar. Assistant editors: A. D. Pusalker [and] A. K. Majumdar.
250 _a[2d ed.]
260 _aBombay:
_bBharatiya Vidya Bhavan
_c1957
300 _a<1,2, 4-5, 7-8, 10-11 >
_billus., maps (part fold.)
_c26 cm.
500 _aHalf title.
504 _aIncludes bibliographies.
505 1 _av. 1. The Vedic age. --v. 4. The age of imperial Kanauj.--v. 5. The struggle for empire. --v. 7. The Mughul empire.--v. 8. The Maratha supremacy. --v. 9. British paramountcy and Indian renaissance. Part 1 --v. 10. British paramountcy and Indian renaissance. Part 2.--v. 11. Struggle for freedom.
651 0 _aIndia
_xHistory.
651 0 _aIndia
_xCivilization.
700 1 _aMajumdar, R. C.
_q(Ramesh Chandra),
_d1888-1980.
710 2 _aBharatiya Vidya Bhavan.
906 _a7
_bcbc
_corignew
_d1
_encip
_f19
_gy-gencatlg
942 _2ddc
_cBK